My river / (Record no. 4753)

MARC details
000 -LEADER
fixed length control field 00878nam a22002897a 4500
001 - CONTROL NUMBER
control field 4753
003 - CONTROL NUMBER IDENTIFIER
control field FISKH
005 - DATE AND TIME OF LATEST TRANSACTION
control field 20241007093023.0
008 - FIXED-LENGTH DATA ELEMENTS--GENERAL INFORMATION
fixed length control field 241007b cb ||||| |||| 00| 0 eng d
020 ## - INTERNATIONAL STANDARD BOOK NUMBER
International Standard Book Number 9780590472371
040 ## - CATALOGING SOURCE
Original cataloging agency FISKH
Language of cataloging eng
Transcribing agency FISKH
Modifying agency FISKH
050 ## - LIBRARY OF CONGRESS CALL NUMBER
Classification number PZ7.H1667
082 ## - DEWEY DECIMAL CLASSIFICATION NUMBER
Classification number 420
100 ## - MAIN ENTRY--PERSONAL NAME
Personal name Halpern, Shari
245 ## - TITLE STATEMENT
Title My river /
Statement of responsibility, etc. by Shari Halpern
250 ## - EDITION STATEMENT
Edition statement Published in 1992
260 ## - PUBLICATION, DISTRIBUTION, ETC.
Place of publication, distribution, etc. New York :
Name of publisher, distributor, etc. Scholastic,
Date of publication, distribution, etc. 1992.
300 ## - PHYSICAL DESCRIPTION
Extent 32 pages :
Other physical details Color illustrations ;
Dimensions 21 cm
505 ## - FORMATTED CONTENTS NOTE
Formatted contents note C<br/><br/>
520 ## - SUMMARY, ETC.
Summary, etc. Frogs, fish, a turtle, and other creatures who live in or around a river state their need for the river, making a plea for protecting this natural resource.
521 8# - TARGET AUDIENCE NOTE
Target audience note 90L<br/>
Source Lexile<br/>
521 8# - TARGET AUDIENCE NOTE
Target audience note C<br/>
Source Raz-Plus<br/>
650 ## - SUBJECT ADDED ENTRY--TOPICAL TERM
Source of heading or term Fish
Topical term or geographic name entry element Habitats
650 ## - SUBJECT ADDED ENTRY--TOPICAL TERM
Source of heading or term Animals
Topical term or geographic name entry element Picture book
942 ## - ADDED ENTRY ELEMENTS (KOHA)
Source of classification or shelving scheme Dewey Decimal Classification
Koha item type Books
Suppress in OPAC No
Holdings
Withdrawn status Lost status Source of classification or shelving scheme Damaged status Not for loan Collection Home library Current library Shelving location Date acquired Total Checkouts Full call number Barcode Date last seen Copy number Price effective from Koha item type
    Dewey Decimal Classification     Fiction Footprints International School Library Network Toul Kork Campus Footprints International School Library Network Toul Kork Campus TK Primary Library Room(4th Floor), Bookcase 3&4, Shelves 17-32, Yellow Books 10/07/2024   HAL 420 PZ7.H1667 2024-2097 10/07/2024 1 10/07/2024 Books